000 00393nam a2200169Ia 4500
005 20250603145826.0
008 250603s9999 xx 000 0 und d
020 _a9788180388309
050 _aKF 60 .A5/
245 4 _aThe all england law report
260 _aHalbury,England.
260 _bLexisNexis
260 _c2013
300 _a1392 p
650 _aHalbury,England.
942 _cBK
999 _c42973
_d42973